Central Library OPAC University of Rajshahi

A junior geometry / (Record no. 54662)

MARC details
000 -LEADER
fixed length control field 00663nam a2200229 a 4500
001 - CONTROL NUMBER
control field 54662
003 - CONTROL NUMBER IDENTIFIER
rucl marc code BD-RjUL
005 - DATE AND TIME OF LATEST TRANSACTION
control field 20211209080142.0
008 - FIXED-LENGTH DATA ELEMENTS--GENERAL INFORMATION
fixed length control field 161108r19591942at a j 000 0 eng d
035 ## - SYSTEM CONTROL NUMBER
System control number (BD-RjUL)54784
040 ## - CATALOGING SOURCE
Original cataloging agency ANL
Language of cataloging eng
Transcribing agency ANL
Modifying agency BD-RjUL
041 ## - LANGUAGE CODE
Language code of text/sound track or separate title eng
082 04 - DEWEY DECIMAL CLASSIFICATION NUMBER
Classification number 516
Edition number 23
Author mark and year COJ 1959
100 1# - MAIN ENTRY--PERSONAL NAME
Personal name Colville, Andrew B.
9 (RLIN) 163016
245 12 - TITLE STATEMENT
Title A junior geometry /
Statement of responsibility, etc. Andrew B. Colville and Percival N.W. Andersen.
250 ## - EDITION STATEMENT
Edition statement 2nd ed.
260 ## - PUBLICATION, DISTRIBUTION, ETC. (IMPRINT)
Place of publication, distribution, etc. Sydney :
Name of publisher, distributor, etc. DYMOCK'S BOOK RCADE LTD.
Date of publication, distribution, etc. 1942 [1959]
300 ## - PHYSICAL DESCRIPTION
Pagination 324 p. :
Illustrations ill. ;
Size 19 cm.
650 #0 - SUBJECT ADDED ENTRY--TOPICAL TERM
Topical term or geographic name as entry element Geometry
9 (RLIN) 163017
700 1# - ADDED ENTRY--PERSONAL NAME
Personal name Andersen, Percival N. W.
942 ## - ADDED ENTRY ELEMENTS (KOHA)
Source of classification or shelving scheme Dewey Decimal Classification
Koha item type Books
Holdings
Lost status Source of classification or shelving scheme Damaged status Not for loan Collection code Permanent Location Current Location Shelving location Date acquired Source of acquisition Total Checkouts Full call number Date last seen Copy number Koha item type
  Dewey Decimal Classification     Non-fiction Central Library, University of Rajshahi Central Library, University of Rajshahi   17/01/1980 N/A   516 COJ 1959 08/11/2016 C-2 Books
  Dewey Decimal Classification   Not For Loan Non-fiction Central Library, University of Rajshahi Central Library, University of Rajshahi Reading Room 26/06/1976 World Bank   516 COJ 1959 19/04/2017 C-1 Books